[Event "Verbandsliga Suedbaden 2122"]
[Site "Baden"]
[Date "2022.04.24"]
[Round "9.3"]
[White "Leutwyler, Martin"]
[Black "Stahl, Clement"]
[Result "1/2-1/2"]
[WhiteElo "2200"]
[BlackElo "2217"]
[PlyCount "47"]
[EventDate "2021.10.10"]
[EventType "team-tourn"]
[EventRounds "9"]
[EventCountry "GER"]
[SourceTitle "EXT 2023"]
[Source "ChessBase"]
[SourceDate "2022.10.05"]
[SourceVersion "1"]
[SourceVersionDate "2022.10.05"]
[SourceQuality "1"]
[WhiteTeam "Gottmadingen"]
[BlackTeam "Oberwinden"]
[WhiteTeamCountry "GER"]
[BlackTeamCountry "GER"]

1. Nf3 c5 2. c4 Nc6 3. Nc3 e5 4. e3 f5 5. d4 e4 6. d5 exf3 7. dxc6 fxg2 8. cxd7+ Qxd7 9. Bxg2 Qxd1+ 10. Kxd1 Nf6 11. Nb5 Kf7 12. b3 a6 13. Nc7 Ra7 14. Nd5 Nxd5 15. Bxd5+ Be6 16. Bxe6+ Kxe6 17. Ke2 Bd6 18. Bb2 b6 19. Rhg1 Rg8 20. h4 g6 21. Rad1 Rd7 22. Bc3 Be7 23. Rxd7 Kxd7 24. f4 1/2-1/2

[Event "Lisbon Portugal rapid op"]
[Site "Lisbon"]
[Date "2017.02.11"]
[Round "2"]
[White "Elias, Ruben Joel Monteiro"]
[Black "Stahl, Clement"]
[Result "1-0"]
[WhiteElo "1802"]
[BlackElo "2167"]
[PlyCount "73"]
[EventDate "2017.02.11"]
[EventType "swiss (rapid)"]
[EventRounds "8"]
[EventCountry "POR"]
[SourceTitle "CBM 176 Extra"]
[Source "ChessBase"]
[SourceDate "2017.03.02"]
[SourceVersion "1"]
[SourceVersionDate "2017.03.02"]
[SourceQuality "1"]

1. e4 c5 2. Nf3 e6 3. d4 cxd4 4. Nxd4 a6 5. Bd3 Nc6 6. Nxc6 dxc6 7. Nd2 Qc7 8. 0-0 Ne7 9. Qh5 Ng6 10. Nf3 Be7 11. e5 Bd7 12. Bxg6 fxg6 13. Qg4 0-0 14. Bf4 c5 15. Ng5 Rf5 16. Ne4 Raf8 17. Bg3 Qc6 18. Rad1 Bc8 19. Nd6 Rg5 20. Qe2 b5 21. f4 Rh5 22. Rd2 c4 23. Rfd1 Bb7 24. Nxb7 Qxb7 25. Rd7 Bc5+ 26. Kh1 Qb6 27. Qe4 Rb8 28. Qe2 Rf8 29. Qe4 Rb8 30. Qe2 Bf8 31. Bf2 Qc6 32. Qd2 Qe4 33. Bg3 g5 34. fxg5 Qf5 35. Ra7 g6 36. Qd7 Rxg5 37. Qxh7# 1-0

[Event "Lisbon Portugal rapid op"]
[Site "Lisbon"]
[Date "2017.02.11"]
[Round "5"]
[White "Stahl, Clement"]
[Black "Simoes, John William"]
[Result "1-0"]
[WhiteElo "2167"]
[BlackElo "1960"]
[PlyCount "41"]
[EventDate "2017.02.11"]
[EventType "swiss (rapid)"]
[EventRounds "8"]
[EventCountry "POR"]
[SourceTitle "CBM 176 Extra"]
[Source "ChessBase"]
[SourceDate "2017.03.02"]
[SourceVersion "1"]
[SourceVersionDate "2017.03.02"]
[SourceQuality "1"]

1. e4 c5 2. Nc3 e6 3. Nf3 Nc6 4. d4 d6 5. d5 Ne5 6. Nxe5 dxe5 7. Bb5+ Bd7 8. dxe6 fxe6 9. Qh5+ Ke7 10. Bg5+ Nf6 11. 0-0-0 g6 12. Qf3 Bg7 13. Rxd7+ Qxd7 14. Bxd7 Kxd7 15. Bxf6 Bh6+ 16. Kb1 Rhf8 17. Nb5 Kc6 18. Qd3 a6 19. Qd6+ Kxb5 20. a4+ Kxa4 21. Qxc5 1-0

[Event "Lisbon Portugal op"]
[Site "Lisbon"]
[Date "2017.02.10"]
[Round "9"]
[White "Stahl, Clement"]
[Black "Fernandes, Antonio ETG"]
[Result "0-1"]
[WhiteElo "2167"]
[BlackElo "2463"]
[PlyCount "68"]
[EventDate "2017.02.04"]
[EventType "swiss"]
[EventRounds "9"]
[EventCountry "POR"]
[SourceTitle "CBM 176 Extra"]
[Source "ChessBase"]
[SourceDate "2017.03.02"]
[SourceVersion "1"]
[SourceVersionDate "2017.03.02"]
[SourceQuality "1"]

1. e4 c5 2. Nc3 a6 3. Nf3 d6 4. d4 cxd4 5. Nxd4 Nf6 6. Bg5 e6 7. f4 b5 8. Qf3 Bb7 9. Bd3 Nbd7 10. 0-0-0 Qb6 11. Bxf6 Nxf6 12. Rhe1 0-0-0 13. Nb3 Bc6 14. Kb1 g6 15. Ne2 Bg7 16. Rc1 Kb8 17. g4 Nd7 18. c4 b4 19. f5 a5 20. Nd2 gxf5 21. gxf5 Bh6 22. Rc2 Ne5 23. Qh3 Qe3 24. Qxe3 Bxe3 25. Nc1 Bxd2 26. Rxd2 Nf3 27. Red1 Nxd2+ 28. Rxd2 Rhg8 29. Nb3 Ba4 30. fxe6 fxe6 31. Be2 Bxb3 32. axb3 Rg2 33. c5 d5 34. h4 Kc7 0-1

[Event "Lisbon Portugal op"]
[Site "Lisbon"]
[Date "2017.02.08"]
[Round "7"]
[White "Stahl, Clement"]
[Black "Santos, Julio Fernandes"]
[Result "1-0"]
[WhiteElo "2167"]
[BlackElo "1900"]
[PlyCount "125"]
[EventDate "2017.02.04"]
[EventType "swiss"]
[EventRounds "9"]
[EventCountry "POR"]
[SourceTitle "CBM 176 Extra"]
[Source "ChessBase"]
[SourceDate "2017.03.02"]
[SourceVersion "1"]
[SourceVersionDate "2017.03.02"]
[SourceQuality "1"]

1. e4 e5 2. Nf3 Nc6 3. Bb5 a6 4. Ba4 b5 5. Bb3 d6 6. c3 Bg4 7. h3 Bh5 8. d3 Rb8 9. Nbd2 Be7 10. Nf1 Nf6 11. Ng3 Bg6 12. 0-0 Nd7 13. a4 Bf6 14. axb5 axb5 15. d4 0-0 16. d5 Ne7 17. Bc2 Ra8 18. Rxa8 Qxa8 19. Nh2 Bh4 20. Nf3 Bxg3 21. fxg3 f5 22. Nh4 fxe4 23. Nxg6 Nxg6 24. Bxe4 Rxf1+ 25. Qxf1 Nf6 26. Bd3 Qxd5 27. Bxb5 Qc5+ 28. Kh2 e4 29. Qc4+ Qxc4 30. Bxc4+ Kf8 31. Kg1 d5 32. Be2 Ke7 33. Kf2 Ke6 34. b4 c6 35. Be3 Ne7 36. g4 Nd7 37. Bd4 g6 38. Ke3 g5 39. g3 Ng6 40. c4 Nge5 41. c5 Nb8 42. Bc3 Nbd7 43. Kd4 Nf8 44. Bd2 h6 45. h4 Nf7 46. b5 cxb5 47. Bxb5 Ne5 48. c6 Nf3+ 49. Kc5 Ng6 50. c7 Ne7 51. Be3 gxh4 52. gxh4 Nxh4 53. Bxh6 Nhg6 54. Bc6 Ne5 55. Bxd5+ Kd7 56. Bxe4 Nxg4 57. Bf4 Nf6 58. Bg2 Ke8 59. Bf3 Nd7+ 60. Kd6 Nf5+ 61. Ke6 Ng7+ 62. Kd6 Nb6 63. Bc6+ 1-0

[Event "Lisbon Portugal op"]
[Site "Lisbon"]
[Date "2017.02.07"]
[Round "6"]
[White "Dias, Jose Oliveira Gaspa"]
[Black "Stahl, Clement"]
[Result "0-1"]
[WhiteElo "1650"]
[BlackElo "2167"]
[PlyCount "82"]
[EventDate "2017.02.04"]
[EventType "swiss"]
[EventRounds "9"]
[EventCountry "POR"]
[SourceTitle "CBM 176 Extra"]
[Source "ChessBase"]
[SourceDate "2017.03.02"]
[SourceVersion "1"]
[SourceVersionDate "2017.03.02"]
[SourceQuality "1"]

1. e4 d6 2. g3 Nf6 3. Bg2 e5 4. c3 Be7 5. Ne2 0-0 6. 0-0 Nbd7 7. d3 Re8 8. Nd2 c6 9. Nf3 Nf8 10. h3 Ng6 11. Be3 Bf8 12. Nh2 d5 13. Qc2 Be6 14. Rad1 Qd7 15. h4 Bh3 16. Rfe1 Bxg2 17. Kxg2 Ng4 18. Ng1 Nxe3+ 19. fxe3 dxe4 20. dxe4 Qc7 21. Rd2 Bc5 22. b4 Be7 23. Ngf3 a5 24. a3 axb4 25. axb4 h5 26. Qb3 Red8 27. Rf2 Rd7 28. Nf1 Rad8 29. Qa2 Qb6 30. N3d2 Bf6 31. Ree2 c5 32. Nc4 Qc6 33. Nfd2 cxb4 34. cxb4 Qe6 35. Nf3 Qg4 36. Qc2 Bxh4 37. Nxh4 Nxh4+ 38. Kh2 Nf3+ 39. Kg2 Ng5 40. Nxe5 Qh3+ 41. Kg1 Rd1+ 0-1

[Event "Verbandsliga Suedbaden 1516"]
[Site "Baden"]
[Date "2016.03.06"]
[Round "7.3"]
[White "Schuh, Hubert"]
[Black "Stahl, Clement"]
[Result "1/2-1/2"]
[WhiteElo "2292"]
[BlackElo "2180"]
[PlyCount "49"]
[EventDate "2015.09.27"]
[EventType "team-tourn"]
[EventRounds "9"]
[EventCountry "GER"]
[SourceTitle "EXT 2022"]
[Source "ChessBase"]
[SourceDate "2021.10.06"]
[SourceVersion "1"]
[SourceVersionDate "2021.10.06"]
[SourceQuality "1"]
[WhiteTeam "Kuppenheim"]
[BlackTeam "Lahr"]
[WhiteTeamCountry "GER"]
[BlackTeamCountry "GER"]

1. c4 c5 2. g3 Nc6 3. Bg2 g6 4. Nc3 Bg7 5. d3 e5 6. e4 Nge7 7. Nge2 0-0 8. 0-0 d6 9. h3 Nd4 10. Nxd4 cxd4 11. Ne2 f5 12. exf5 gxf5 13. f4 Qc7 14. b3 Bd7 15. Ba3 Bc6 16. Qd2 Bxg2 17. Kxg2 Rf6 18. Rae1 Ng6 19. Qb4 Kh8 20. Qb5 a6 21. Qd5 Ne7 22. Qf3 Ng6 23. Qd5 Ne7 24. Qf3 Ng6 25. Qd5 1/2-1/2

[Event "Basel op"]
[Site "Basel"]
[Date "2015.01.01"]
[Round "1"]
[White "Delchev, Aleksander"]
[Black "Stahl, Clement"]
[Result "1-0"]
[WhiteElo "2617"]
[BlackElo "2178"]
[PlyCount "144"]
[EventDate "2015.01.01"]
[EventType "swiss"]
[EventRounds "7"]
[EventCountry "SUI"]
[SourceTitle "CBM 164 Extra"]
[Source "ChessBase"]
[SourceDate "2015.03.02"]
[SourceVersion "1"]
[SourceVersionDate "2015.03.02"]
[SourceQuality "1"]

1. d4 d5 2. Bf4 Nc6 3. e3 Bf5 4. Nf3 e6 5. Bb5 Bd6 6. Ne5 Bxe5 7. Bxe5 f6 8. Bg3 Nge7 9. c3 0-0 10. Nd2 a6 11. Be2 e5 12. Nf3 Ng6 13. Qb3 Qd7 14. Rd1 Be6 15. dxe5 Ngxe5 16. Nd4 Bf7 17. 0-0 Na5 18. Qc2 Nac4 19. Nf3 Qe7 20. Nxe5 Nxe5 21. e4 c6 22. exd5 Bxd5 23. c4 Bf7 24. b3 Rad8 25. Bf4 Rxd1 26. Rxd1 Rd8 27. Rxd8+ Qxd8 28. Qc3 Ng6 29. Be3 Ne5 30. f4 Ng6 31. Qd3 Qxd3 32. Bxd3 Kf8 33. Kf2 Ke7 34. g4 h6 35. Bc5+ Ke8 36. Ke3 Nf8 37. Bd6 Ne6 38. f5 Nd8 39. Be4 b5 40. cxb5 cxb5 41. Bb4 h5 42. h3 hxg4 43. hxg4 Bg8 44. Kd4 Nf7 45. Bb7 Kd7 46. Bxa6 Kc6 47. Bf8 Ne5 48. Bxg7 Nxg4 49. Ke4 Nf2+ 50. Ke3 Ng4+ 51. Kf4 Nf2 52. a4 Bxb3 53. Bxb5+ Kb7 54. Bxf6 Bc2 55. Bd4 Nd3+ 56. Ke3 Nb4 57. f6 Nd5+ 58. Kd2 Bg6 59. a5 Nb4 60. Bc4 Nc6 61. Bc3 Nd8 62. a6+ Kc6 63. Bd4 Bf7 64. Bxf7 Nxf7 65. Ke3 Nd8 66. Ke4 Nf7 67. Kf5 Kc7 68. Be3 Kc6 69. Ke6 Nh8 70. Ke7 Ng6+ 71. Kd8 Ne5 72. Kc8 Kd5 1-0

[Event "Reunion op 16th"]
[Site "St Denis"]
[Date "2014.10.20"]
[Round "4"]
[White "Cochard, Franck Olivier"]
[Black "Stahl, Clement"]
[Result "0-1"]
[WhiteElo "1655"]
[BlackElo "2149"]
[PlyCount "81"]
[EventDate "2014.10.18"]
[EventType "swiss"]
[EventRounds "9"]
[EventCountry "RUF"]
[SourceTitle "EXT 2015"]
[Source "ChessBase"]
[SourceDate "2014.11.20"]
[SourceVersion "1"]
[SourceVersionDate "2014.11.20"]
[SourceQuality "1"]

1. Nf3 g6 2. c4 Bg7 3. d4 Nf6 4. Nc3 0-0 5. g3 d6 6. e4 Nbd7 7. Bg2 e5 8. 0-0 Re8 9. d5 a5 10. Be3 Ng4 11. Bg5 f6 12. Bd2 Nc5 13. h3 Nh6 14. Be3 Nf7 15. Nd2 f5 16. Na4 Nxe4 17. Nxe4 fxe4 18. Nc3 Ng5 19. Bxg5 Qxg5 20. Nxe4 Qe7 21. Re1 Rf8 22. a3 a4 23. c5 dxc5 24. Rc1 Bh6 25. Rxc5 b6 26. d6 cxd6 27. Nxd6 bxc5 28. Bxa8 Be6 29. Bc6 Rd8 30. Rxe5 Qxd6 31. Qxd6 Rxd6 32. Rxc5 Bb3 33. Ra5 Rd4 34. Kg2 Bc1 35. Kf3 Bd1+ 36. Kg2 Bxb2 37. Bxa4 Bxa4 38. Ra7 Bxa3 39. g4 Bc6+ 40. Kf1 Bf3 41. Kg1 0-1

[Event "Reunion op 16th"]
[Site "St Denis"]
[Date "2014.10.18"]
[Round "2"]
[White "Duprey, Francois Xavier"]
[Black "Stahl, Clement"]
[Result "0-1"]
[WhiteElo "1764"]
[BlackElo "2149"]
[PlyCount "68"]
[EventDate "2014.10.18"]
[EventType "swiss"]
[EventRounds "9"]
[EventCountry "RUF"]
[SourceTitle "EXT 2015"]
[Source "ChessBase"]
[SourceDate "2014.11.20"]
[SourceVersion "1"]
[SourceVersionDate "2014.11.20"]
[SourceQuality "1"]

1. c4 g6 2. Nf3 Bg7 3. g3 e5 4. d3 c5 5. e4 Nc6 6. Bg2 Nge7 7. 0-0 d6 8. h3 0-0 9. Nc3 f5 10. Kh2 h6 11. Nd5 Nxd5 12. cxd5 Ne7 13. Ng1 f4 14. Rb1 a5 15. a3 a4 16. Bd2 g5 17. g4 Ng6 18. f3 Kf7 19. Be1 Rh8 20. Ne2 h5 21. Kg1 Rh7 22. Nc3 hxg4 23. hxg4 Bd7 24. b4 Qc7 25. b5 Rah8 26. b6 Qc8 27. Nb5 Ke7 28. Na7 Qg8 29. Nb5 Rh2 30. Qc2 Qh7 31. Nxd6 Kxd6 32. Qxc5+ Kxc5 33. d4+ exd4 34. Bb4+ Kxb6 0-1

[Event "Barcelona Sants op 16th"]
[Site "Barcelona"]
[Date "2014.08.23"]
[Round "2"]
[White "Graf, Felix"]
[Black "Stahl, Clement"]
[Result "1-0"]
[WhiteElo "2479"]
[BlackElo "2155"]
[PlyCount "91"]
[EventDate "2014.08.22"]
[EventType "swiss"]
[EventRounds "10"]
[EventCountry "ESP"]
[SourceTitle "CBM 162 Extra"]
[Source "ChessBase"]
[SourceDate "2014.10.17"]
[SourceVersion "1"]
[SourceVersionDate "2014.10.17"]
[SourceQuality "1"]

1. d4 d5 2. Nf3 c6 3. Bf4 Qb6 4. b3 Nf6 5. e3 Bg4 6. h3 Bh5 7. Bd3 e6 8. 0-0 Be7 9. c4 Ne4 10. g4 Bg6 11. Ne5 Ng5 12. Bxg5 Bxg5 13. Nc3 Bf6 14. f4 Bxd3 15. Nxd3 Bxd4 16. exd4 Qxd4+ 17. Kg2 Qxc3 18. cxd5 Nd7 19. Rc1 Qa5 20. dxc6 bxc6 21. Rf2 0-0 22. Rxc6 Nf6 23. Qf3 Rac8 24. Ne5 Nd5 25. Nc4 Qb4 26. Rxc8 Rxc8 27. f5 Qc3 28. fxe6 Qxf3+ 29. Kxf3 fxe6 30. Ke4 Nb6 31. Nxb6 axb6 32. a4 Rc5 33. Rf3 h5 34. gxh5 Rxh5 35. Kd4 b5 36. axb5 Rxb5 37. Kc4 Rb7 38. b4 Re7 39. b5 e5 40. Kd5 e4 41. Re3 Rb7 42. Kc6 Re7 43. b6 Re6+ 44. Kc5 Kf7 45. b7 Re8 46. Rb3 1-0

[Event "Basel op"]
[Site "Basel"]
[Date "2014.01.02"]
[Round "2"]
[White "Stahl, Clement"]
[Black "Bender, Dirk"]
[Result "1-0"]
[WhiteElo "2137"]
[BlackElo "2058"]
[PlyCount "49"]
[EventDate "2014.01.01"]
[EventType "swiss"]
[EventRounds "7"]
[EventCountry "SUI"]
[SourceTitle "CBM 158 Extra"]
[Source "ChessBase"]
[SourceDate "2014.02.28"]
[SourceVersion "1"]
[SourceVersionDate "2014.02.28"]
[SourceQuality "1"]

1. e4 c5 2. Nf3 g6 3. Nc3 Bg7 4. d4 cxd4 5. Nxd4 Nc6 6. Be3 d6 7. Bc4 Nf6 8. f3 Qb6 9. Ncb5 Qd8 10. Qd2 a6 11. Nc3 Nxd4 12. Bxd4 0-0 13. 0-0-0 Bd7 14. Bb3 b5 15. h4 h5 16. g4 hxg4 17. h5 e5 18. Be3 Nxh5 19. Bg5 Bf6 20. Bxf6 Qxf6 21. Nd5 Qg7 22. Qg5 g3 23. Rxh5 Rfd8 24. Nf6+ Kf8 25. Rh7 1-0

[Event "Verbandsliga Sued Baden 1314"]
[Site "Germany"]
[Date "2013.11.17"]
[Round "2.4"]
[White "Kais, Edgar"]
[Black "Stahl, Clement"]
[Result "1-0"]
[WhiteElo "2111"]
[BlackElo "2127"]
[PlyCount "61"]
[EventDate "2013.10.20"]
[EventType "team-tourn"]
[EventRounds "9"]
[EventCountry "GER"]
[SourceTitle "EXT 2015"]
[Source "ChessBase"]
[SourceDate "2014.11.20"]
[SourceVersion "1"]
[SourceVersionDate "2014.11.20"]
[SourceQuality "1"]
[WhiteTeam "Oberwinden"]
[BlackTeam "Lahr"]
[WhiteTeamCountry "GER"]
[BlackTeamCountry "GER"]

1. Nf3 c5 2. c4 b6 3. g3 Bb7 4. Bg2 e6 5. 0-0 Nf6 6. Nc3 a6 7. d4 cxd4 8. Qxd4 d6 9. Rd1 Be7 10. Bg5 Nbd7 11. Rac1 Qc7 12. b3 0-0 13. e4 Rfe8 14. Bxf6 Nxf6 15. Rd2 Rab8 16. Rcd1 Nd7 17. Qe3 h6 18. Nd4 d5 19. cxd5 exd5 20. Rc2 Bc5 21. b4 Bxd4 22. Rxd4 Nf6 23. Qc1 Qe5 24. Qd1 Rbc8 25. f4 Qe7 26. e5 Rxc3 27. Rxc3 Ne4 28. Bxe4 dxe4 29. Rd6 Ba8 30. Rxb6 Qa7 31. Qd6 1-0

[Event "British Universities-ch"]
[Site "High Wycombe"]
[Date "2012.02.25"]
[Round "3"]
[White "Stahl, Clement"]
[Black "Foord, Dominic"]
[Result "0-1"]
[WhiteElo "2099"]
[BlackElo "2039"]
[PlyCount "53"]
[EventDate "2012.02.25"]
[EventType "team-swiss"]
[EventRounds "5"]
[EventCountry "ENG"]
[SourceTitle "CBM 147 Extra"]
[Source "ChessBase"]
[SourceDate "2012.04.24"]
[SourceVersion "1"]
[SourceVersionDate "2012.04.24"]
[SourceQuality "1"]
[WhiteTeam "Imperial"]
[BlackTeam "Oxford"]
[WhiteTeamCountry "ENG"]
[BlackTeamCountry "ENG"]

1. e4 e5 2. Nf3 Nc6 3. Bc4 Bc5 4. c3 Nf6 5. d4 exd4 6. cxd4 Bb4+ 7. Nc3 Nxe4 8. 0-0 Bxc3 9. d5 Bf6 10. Re1 Ne7 11. Rxe4 d6 12. g4 0-0 13. h4 c6 14. Bg5 Nxd5 15. Bxd5 cxd5 16. Qxd5 Be6 17. Qd2 Rc8 18. Rb4 Rc5 19. Be3 Rd5 20. Qe2 a5 21. Re4 Qd7 22. g5 Bd8 23. Nd4 Bf5 24. Rf4 Bg6 25. Rd1 Re8 26. Qf3 Rde5 27. Ne2 0-1

[Event "Verbandsliga Sued Baden 1011"]
[Site "Baden"]
[Date "2011.01.23"]
[Round "5.4"]
[White "Stahl, Clement"]
[Black "Perez, Jose"]
[Result "1-0"]
[WhiteElo "2103"]
[BlackElo "2226"]
[PlyCount "93"]
[EventDate "2010.10.17"]
[EventType "team-tourn"]
[EventRounds "9"]
[EventCountry "GER"]
[SourceTitle "EXT 2012"]
[Source "ChessBase"]
[SourceDate "2011.11.24"]
[SourceVersion "1"]
[SourceVersionDate "2011.11.24"]
[SourceQuality "1"]
[WhiteTeam "Lahr"]
[BlackTeam "Horben"]
[WhiteTeamCountry "GER"]
[BlackTeamCountry "GER"]

1. e4 c5 2. Nc3 d6 3. Nge2 e6 4. g3 Nc6 5. Bg2 g6 6. d4 cxd4 7. Nxd4 Bg7 8. Ndb5 Bf8 9. Bf4 e5 10. Nd5 Be7 11. Nbc7+ Kf8 12. Nxa8 exf4 13. gxf4 Bh4 14. 0-0 Nh6 15. Nac7 a6 16. Qd2 Bd7 17. b4 Qc8 18. f5 g5 19. f4 Rg8 20. Qe2 g4 21. Qd2 Nb8 22. Na8 Bc6 23. Nab6 Qd8 24. Rfd1 f6 25. Nc4 b5 26. Nce3 Nf7 27. Qd4 Nd7 28. Qa7 Qc8 29. Nc7 Bb7 30. Ne6+ Ke8 31. Nd5 Bxd5 32. Rxd5 Ke7 33. Rad1 Qxc2 34. Qxa6 Bf2+ 35. Kh1 Bb6 36. Qxb5 Qxa2 37. Qc6 Qa7 38. Bf1 Nb8 39. Qc3 Qb7 40. Rc1 h5 41. Bg2 Qa6 42. b5 Qa2 43. Rcd1 h4 44. e5 fxe5 45. fxe5 dxe5 46. Rxe5 Nxe5 47. Qxe5 1-0

[Event "FRA-ch op-A"]
[Site "Belfort"]
[Date "2010.08.17"]
[Round "7"]
[White "Lambert, Adrien"]
[Black "Stahl, Clement"]
[Result "1-0"]
[WhiteElo "2078"]
[BlackElo "2100"]
[PlyCount "77"]
[EventDate "2010.08.09"]
[EventType "swiss"]
[EventRounds "11"]
[EventCountry "FRA"]
[SourceTitle "CBM 138 Extra"]
[Source "ChessBase"]
[SourceDate "2010.10.29"]
[SourceVersion "1"]
[SourceVersionDate "2010.10.29"]
[SourceQuality "1"]

1. e4 c5 2. Nf3 d6 3. d4 cxd4 4. Nxd4 Nf6 5. Nc3 g6 6. g3 Nc6 7. Nde2 Bd7 8. Bg2 Qc8 9. h3 Bg7 10. a4 h5 11. Be3 Nb4 12. Rc1 a5 13. Nd4 0-0 14. Qd2 Kh7 15. f4 e6 16. Ndb5 d5 17. e5 Ne8 18. 0-0 f6 19. g4 hxg4 20. hxg4 fxe5 21. fxe5 Rxf1+ 22. Rxf1 Bxe5 23. Bd4 Nc6 24. Bxe5 Nxe5 25. Qf4 Bxb5 26. axb5 Qc7 27. g5 Rc8 28. Nxd5 Qc5+ 29. Ne3 Nc4 30. Qf7+ Ng7 31. Rf3 Qxe3+ 32. Rxe3 Nxe3 33. Be4 Nef5 34. Qxb7 Rc5 35. Bd3 Nd4 36. Qe7 Rxg5+ 37. Kf2 Rh5 38. b6 Rh2+ 39. Kg3 1-0

[Event "FRA-ch op-A"]
[Site "Belfort"]
[Date "2010.08.15"]
[Round "6"]
[White "Stahl, Clement"]
[Black "Boutteville, Cesar"]
[Result "1-0"]
[WhiteElo "2100"]
[BlackElo "2131"]
[PlyCount "115"]
[EventDate "2010.08.09"]
[EventType "swiss"]
[EventRounds "11"]
[EventCountry "FRA"]
[SourceTitle "CBM 138 Extra"]
[Source "ChessBase"]
[SourceDate "2010.10.29"]
[SourceVersion "1"]
[SourceVersionDate "2010.10.29"]
[SourceQuality "1"]

1. e4 e5 2. Nf3 Nc6 3. Bc4 Nf6 4. d4 exd4 5. 0-0 Be7 6. e5 Ne4 7. Bd5 Nc5 8. Re1 0-0 9. Nxd4 Nxd4 10. Qxd4 Ne6 11. Qd3 Nc5 12. Qg3 Kh8 13. Qf3 d6 14. Nc3 c6 15. Bc4 d5 16. Bf1 f6 17. Qh5 fxe5 18. Rxe5 Bf6 19. Bg5 Ne6 20. Bxf6 Qxf6 21. Qe2 Bd7 22. Re1 Rae8 23. Qd2 Nf4 24. Rxe8 Bxe8 25. Nd1 Qg5 26. Qe3 Bd7 27. g3 Qg6 28. Qc5 Kg8 29. Re7 Nh3+ 30. Bxh3 Bxh3 31. Ne3 Qf6 32. f4 b6 33. Qa3 c5 34. Qxa7 Qxb2 35. Kf2 Qd4 36. Ke2 h5 37. Qxb6 Bg4+ 38. Nxg4 hxg4 39. Qe6+ Kh8 40. Qxg4 Qc4+ 41. Kf3 Qf1+ 42. Ke3 Qc1+ 43. Kf2 Qxc2+ 44. Re2 Qd3 45. Re5 Qd4+ 46. Kg2 Qd2+ 47. Kh3 Qd3 48. Rh5+ Kg8 49. Qe6+ Rf7 50. Qxd5 Qf1+ 51. Kh4 Qf2 52. h3 g6 53. Rg5 Kf8 54. Qxc5+ Qxc5 55. Rxc5 Ra7 56. Rc2 Kf7 57. Kg4 Ra5 58. h4 1-0

[Event "FRA-ch op-A"]
[Site "Belfort"]
[Date "2010.08.11"]
[Round "2"]
[White "Stahl, Clement"]
[Black "Macon, Arthur"]
[Result "0-1"]
[WhiteElo "2100"]
[BlackElo "2003"]
[PlyCount "106"]
[EventDate "2010.08.09"]
[EventType "swiss"]
[EventRounds "11"]
[EventCountry "FRA"]
[SourceTitle "CBM 138 Extra"]
[Source "ChessBase"]
[SourceDate "2010.10.29"]
[SourceVersion "1"]
[SourceVersionDate "2010.10.29"]
[SourceQuality "1"]

1. e4 e5 2. Nf3 Nc6 3. Bc4 Bc5 4. c3 Nf6 5. d4 exd4 6. cxd4 Bb4+ 7. Nc3 Nxe4 8. 0-0 Bxc3 9. d5 Bf6 10. Re1 Ne7 11. Rxe4 d6 12. g4 0-0 13. g5 Be5 14. Nxe5 dxe5 15. Rxe5 Ng6 16. Re1 Bf5 17. Qd4 Qd6 18. Bd2 c5 19. Qe3 Nh4 20. f3 b5 21. Bxb5 Qxd5 22. Be2 Rfe8 23. Qc3 Bg4 24. Kf2 Bxf3 25. Bb5 Red8 26. Bf4 Bh5 27. Qh3 Qd4+ 28. Kg3 Ng6 29. Be3 Qe5+ 30. Kf2 Qxb2+ 31. Kg1 Qxb5 32. Qxh5 Re8 33. Qf3 Ne5 34. Qg3 Qc6 35. Rf1 Rad8 36. Qf2 Qg6 37. Qg2 Nd3 38. Rf3 Ne5 39. Rff1 Ng4 40. Bf2 Ne3 41. Bxe3 Rxe3 42. Rac1 Re5 43. h4 Rde8 44. Qb7 h6 45. Qc7 hxg5 46. h5 Qxh5 47. Rxc5 Qg4+ 48. Kh1 Qh3+ 49. Kg1 Qg4+ 50. Kh1 Qh5+ 51. Kg1 Rxc5 52. Qxc5 Qg4+ 53. Kh1 Re2 0-1

[Event "FRA-chT2 East 0809"]
[Site "France"]
[Date "2009.02.08"]
[Round "7.2"]
[White "Stahl, Clement"]
[Black "Lamoureux, Charles"]
[Result "0-1"]
[WhiteElo "2068"]
[BlackElo "2361"]
[PlyCount "86"]
[EventDate "2008.10.19"]
[EventType "team-tourn"]
[EventRounds "11"]
[EventCountry "FRA"]
[SourceTitle "EXT 2010"]
[Source "ChessBase"]
[SourceDate "2010.11.25"]
[SourceVersion "1"]
[SourceVersionDate "2010.11.25"]
[SourceQuality "1"]
[WhiteTeam "Obernai"]
[BlackTeam "Montrevel en Bresse"]
[WhiteTeamCountry "FRA"]
[BlackTeamCountry "FRA"]

1. e4 c5 2. Nc3 Nc6 3. Nf3 e6 4. d4 cxd4 5. Nxd4 Qc7 6. g3 h5 7. Bg2 h4 8. Be3 Nh6 9. g4 h3 10. Bf3 f6 11. Be2 g5 12. Qd2 Nf7 13. 0-0-0 a6 14. Kb1 Nce5 15. f4 gxf4 16. Bxf4 Bh6 17. Rhf1 b5 18. Nf3 Nxf3 19. Rxf3 Bxf4 20. Rxf4 Qe5 21. Bd3 Ng5 22. Rdf1 Rh6 23. Ne2 Bb7 24. Ng3 0-0-0 25. Nh5 Rf8 26. Qc3+ Qxc3 27. bxc3 e5 28. Rxf6 Rhxf6 29. Rxf6 Rxf6 30. Nxf6 Kd8 31. Nd5 Bxd5 32. exd5 Nf3 33. Bf5 Nxh2 34. g5 Nf3 35. Bxh3 Nxg5 36. Bg2 Kc7 37. Kb2 Kd6 38. Kb3 Kc5 39. a4 e4 40. axb5 axb5 41. Bf1 e3 42. c4 bxc4+ 43. Bxc4 Ne4 0-1

[Event "Verbandsliga Sued Baden 0809"]
[Site "Germany"]
[Date "2009.01.11"]
[Round "5.3"]
[White "Lutz, Bernhard"]
[Black "Stahl, Clement"]
[Result "1-0"]
[WhiteElo "2187"]
[BlackElo "2088"]
[PlyCount "81"]
[EventDate "2008.09.28"]
[EventType "team"]
[EventRounds "9"]
[EventCountry "GER"]
[SourceTitle "EXT 2010"]
[Source "ChessBase"]
[SourceDate "2010.11.25"]
[SourceVersion "1"]
[SourceVersionDate "2010.11.25"]
[SourceQuality "1"]
[WhiteTeam "Dreilaendereck"]
[BlackTeam "Lahr"]
[WhiteTeamCountry "GER"]
[BlackTeamCountry "GER"]

1. d4 Nf6 2. Nf3 d5 3. c4 c6 4. Nc3 e6 5. Bg5 dxc4 6. e4 b5 7. e5 h6 8. Bh4 g5 9. Nxg5 hxg5 10. Bxg5 Nbd7 11. g3 Bb7 12. Bg2 Qb6 13. exf6 0-0-0 14. 0-0 Bh6 15. Bxh6 Rxh6 16. b3 cxb3 17. axb3 Nxf6 18. Qd2 Rhh8 19. Rfd1 Ne8 20. Qf4 Nd6 21. Rac1 Rh5 22. g4 Rh7 23. Qe5 Kd7 24. Re1 Rg8 25. h3 Qd8 26. Ne4 Nxe4 27. Qxe4 Rhg7 28. Rc5 Ke7 29. d5 cxd5 30. Qb4 Kf6 31. Rxb5 Ba6 32. Ra5 Bc8 33. Qf4+ Kg6 34. Rxa7 Qb6 35. Re7 Qxb3 36. Qe5 Qd3 37. Re3 Qb1+ 38. Kh2 Rh8 39. Rf3 Kh7 40. Qh5+ Kg8 41. Re8# 1-0